[Event "25th Bosnjaci Open 2020"]
[Site "Bosnjaci"]
[Date "2020.01.06"]
[Round "5.10"]
[White "Matanovic, Luka"]
[Black "Draganic, Stjepan"]
[Result "1/2-1/2"]
[WhiteElo "2256"]
[BlackElo "2112"]
[Annotator "ChessBase"]
[PlyCount "119"]
[EventDate "2020.01.03"]
[EventType "swiss"]
[EventCountry "CRO"]
[SourceTitle "playchess.com"]
[Source "ChessBase"]
[SourceQuality "1"]
[TimeControl "5400+30"]

1. e4 {[%emt 0:00:30]} c6 {[%emt 0:00:30]} 2. d4 {[%emt 0:00:00]} d5 {[%emt 0:00:00]} 3. exd5 {[%emt 0:00:00]} cxd5 {[%emt 0:00:00]} 4. c3 {[%emt 0:01:30]} Nf6 {[%emt 0:01:30]} 5. Bd3 {[%emt 0:00:30]} Nc6 {[%emt 0:01:30]} 6. Bf4 {[%emt 0:01:30]} g6 {[%emt 0:04:30]} 7. h3 {[%emt 0:02:30]} Bg7 {[%emt 0:01:30]} 8. Nf3 {[%emt 0:00:30]} O-O {[%emt 0:00:30]} 9. O-O {[%emt 0:02:30]} Bf5 {[%emt 0:16:30]} 10. Re1 {[%emt 0:06:30]} Bxd3 {[%emt 0:01:30]} 11. Qxd3 {[%emt 0:00:30]} Ne4 {[%emt 0:01:30]} 12. Nbd2 {[%emt 0:04:30]} Nxd2 {[%emt 0:02:30]} 13. Nxd2 {[%emt 0:03:30]} Re8 {[%emt 0:02:30]} 14. Nb3 {[%emt 0:12:30]} Na5 {[%emt 0:08:30]} 15. Qb5 {[%emt 0:03:30]} Nc4 {[%emt 0:06:30]} 16. Nc5 {[%emt 0:05:30]} Qb6 {[%emt 0:05:30]} 17. a4 {[%emt 0:05:30]} Nxb2 {[%emt 0:05:30]} 18. Reb1 {[%emt 0:15:30]} Qxb5 {[%emt 0:01:30]} 19. axb5 {[%emt 0:00:00]} Nc4 {[%emt 0:06:30]} 20. Nxb7 {[%emt 0:01:00]} e5 {[%emt 0:01:30]} 21. dxe5 {[%emt 0:01:30]} Reb8 {[%emt 0:08:30]} 22. Na5 {[%emt 0:08:30]} Bxe5 {[%emt 0:10:58]} 23. Bxe5 {[%emt 0:03:30]} Nxe5 {[%emt 0:00:20]} 24. f4 {[%emt 0:00:30]} Nc4 {[%emt 0:01:44]} 25. Nxc4 {[%emt 0:00:39]} dxc4 {[%emt 0:00:02]} 26. Ra4 {[%emt 0:00:21]} Rc8 {[%emt 0:03:17]} 27. Rbb4 {[%emt 0:00:30]} Rcb8 {[%emt 0:01:06]} 28. Ra5 {[%emt 0:00:30]} Rc8 {[%emt 0:03:27]} 29. Rba4 {[%emt 0:02:36]} Rab8 {[%emt 0:00:11]} 30. Rxa7 {[%emt 0:03:14]} Rxb5 {[%emt 0:00:08]} 31. Ra8 {[%emt 0:00:11]} Rbc5 {[%emt 0:00:29]} 32. Rxc8+ {[%emt 0:00:00]} Rxc8 {[%emt 0:00:01]} 33. Kf2 {[%emt 0:00:25]} Kg7 {[%emt 0:00:29]} 34. Ke3 {[%emt 0:00:52]} Re8+ {[%emt 0:00:42]} 35. Kf3 {[%emt 0:01:16]} Rc8 {[%emt 0:00:12]} 36. g4 {[%emt 0:00:10]} Rd8 {[%emt 0:02:46]} 37. Rxc4 {[%emt 0:01:44]} Rd3+ {[%emt 0:00:06]} 38. Kg2 {[%emt 0:00:17]} Kf6 {[%emt 0:00:59]} 39. Rc6+ {[%emt 0:01:13]} Ke7 {[%emt 0:00:06]} 40. g5 {[%emt 0:00:14]} Kd7 {[%emt 0:00:23]} 41. Rc4 {[%emt 0:00:27]} Ke6 {[%emt 0:00:20]} 42. Rc7 {[%emt 0:00:14]} Rd2+ {[%emt 0:01:06]} 43. Kg3 {[%emt 0:00:14]} Rd3+ {[%emt 0:00:16]} 44. Kh4 {[%emt 0:02:25]} Rf3 {[%emt 0:00:34]} 45. Kg4 {[%emt 0:00:42]} Rd3 {[%emt 0:00:06]} 46. Rc6+ {[%emt 0:02:17]} Kd7 {[%emt 0:00:16]} 47. Rc4 {[%emt 0:00:19]} Re3 {[%emt 0:01:00]} 48. Rd4+ {[%emt 0:02:43]} Ke6 {[%emt 0:00:56]} 49. c4 {[%emt 0:02:04]} f5+ {[%emt 0:00:21]} 50. gxf6 {[%emt 0:01:01]} h5+ {[%emt 0:01:11]} 51. Kg5 {[%emt 0:00:57]} Rg3+ {[%emt 0:00:50]} 52. Kh6 {[%emt 0:01:46]} Kxf6 {[%emt 0:00:40]} 53. c5 {[%emt 0:02:22]} Rxh3 {[%emt 0:00:33]} 54. Rc4 {[%emt 0:01:14]} Ra3 {[%emt 0:00:12]} 55. c6 {[%emt 0:00:05]} Ra8 {[%emt 0:00:17]} 56. Kh7 {[%emt 0:00:24]} Rc8 {[%emt 0:00:53]} 57. c7 {[%emt 0:00:10]} h4 {[%emt 0:00:08]} 58. Rc3 {[%emt 0:01:07]} h3 {[%emt 0:00:56]} 59. Rxh3 {[%emt 0:00:30]} Rxc7+ {[%emt 0:00:36]} 60. Kh6 {[%emt 0:00:30]} 1/2-1/2

[Event "25th Bosnjaci Open 2020"]
[Site "Bosnjaci"]
[Date "2020.01.06"]
[Round "5.11"]
[White "Sadikovic, Jasmin"]
[Black "Andrijevic, Milan"]
[Result "0-1"]
[WhiteElo "2111"]
[BlackElo "2223"]
[Annotator "ChessBase"]
[PlyCount "116"]
[EventDate "2020.01.03"]
[EventType "swiss"]
[EventCountry "CRO"]
[SourceTitle "playchess.com"]
[Source "ChessBase"]
[SourceQuality "1"]
[TimeControl "5400+30"]

1. e4 {[%emt 0:00:30]} c5 {[%emt 0:05:30]} 2. Nf3 {[%emt 0:00:00]} a6 {[%emt 0:00:30]} 3. d4 {[%emt 0:00:00]} cxd4 {[%emt 0:00:30]} 4. Nxd4 {[%emt 0:00:30]} e6 {[%emt 0:00:00]} 5. Be2 {[%emt 0:00:30]} Nc6 {[%emt 0:00:00]} 6. Nc3 {[%emt 0:00:30]} Qc7 {[%emt 0:00:30]} 7. O-O {[%emt 0:00:30]} Nf6 {[%emt 0:00:30]} 8. Be3 {[%emt 0:01:30]} Bb4 {[%emt 0:00:30]} 9. f3 {[%emt 0:11:30]} O-O {[%emt 0:01:30]} 10. Nxc6 {[%emt 0:08:30]} bxc6 {[%emt 0:01:30]} 11. a3 {[%emt 0:05:30]} Be7 {[%emt 0:01:30]} 12. f4 {[%emt 0:03:30]} d6 {[%emt 0:03:30]} 13. Qe1 {[%emt 0:04:30]} Bb7 {[%emt 0:08:30]} 14. Bf3 {[%emt 0:07:30]} c5 {[%emt 0:09:30]} 15. Rd1 {[%emt 0:01:30]} Rfe8 {[%emt 0:05:30]} 16. Qg3 {[%emt 0:02:30]} Nd7 {[%emt 0:01:30]} 17. Bh5 {[%emt 0:02:30]} Bf8 {[%emt 0:05:30]} 18. Rf2 {[%emt 0:07:30]} g6 {[%emt 0:02:30]} 19. Bf3 {[%emt 0:02:30]} Bc6 {[%emt 0:02:30]} 20. Bc1 {[%emt 0:00:00]} Bg7 {[%emt 0:04:30]} 21. Re2 {[%emt 0:12:00]} Rad8 {[%emt 0:03:30]} 22. Rde1 {[%emt 0:01:30]} Nb6 {[%emt 0:01:30]} 23. f5 {[%emt 0:04:30]} Nd7 {[%emt 0:08:30]} 24. fxe6 {[%emt 0:02:30]} fxe6 {[%emt 0:00:30]} 25. h4 {[%emt 0:00:32]} Ne5 {[%emt 0:03:30]} 26. h5 {[%emt 0:01:26]} Qf7 {[%emt 0:02:30]} 27. Rf1 {[%emt 0:04:15]} Rf8 {[%emt 0:04:30]} 28. h6 {[%emt 0:01:08]} Bf6 {[%emt 0:02:30]} 29. Kh1 {[%emt 0:02:31]} Qe7 {[%emt 0:01:30]} 30. Qh3 {[%emt 0:01:06]} Rf7 {[%emt 0:01:45]} 31. Nd1 {[%emt 0:01:20]} Rdf8 {[%emt 0:01:36]} 32. Ref2 {[%emt 0:01:26]} Nxf3 {[%emt 0:02:58]} 33. gxf3 {[%emt 0:01:49]} Bd4 {[%emt 0:00:58]} 34. Re2 {[%emt 0:01:01]} Bb5 {[%emt 0:00:25]} 35. Ref2 {[%emt 0:01:22]} Bxf1 {[%emt 0:00:45]} 36. Rxf1 {[%emt 0:00:06]} Be5 {[%emt 0:01:41]} 37. Qg4 {[%emt 0:00:32]} Bf4 {[%emt 0:00:50]} 38. Ne3 {[%emt 0:03:24]} Bxh6 {[%emt 0:01:26]} 39. Nd5 {[%emt 0:03:16]} exd5 {[%emt 0:00:13]} 40. Bxh6 {[%emt 0:00:05]} Re8 {[%emt 0:00:48]} 41. exd5 {[%emt 0:00:14]} Qe2 {[%emt 0:02:44]} 42. Qh3 {[%emt 0:02:03]} Rf5 {[%emt 0:00:24]} 43. Rg1 {[%emt 0:00:52]} Qxf3+ {[%emt 0:00:41]} 44. Qxf3 {[%emt 0:00:10]} Rxf3 {[%emt 0:00:05]} 45. Kg2 {[%emt 0:00:25]} Rf5 {[%emt 0:00:30]} 46. c4 {[%emt 0:00:18]} Re2+ {[%emt 0:01:44]} 47. Kg3 {[%emt 0:00:08]} Rxb2 {[%emt 0:00:36]} 48. Re1 {[%emt 0:00:07]} Kf7 {[%emt 0:00:12]} 49. Re6 {[%emt 0:00:09]} Rb3+ {[%emt 0:01:00]} 50. Kg4 {[%emt 0:00:23]} Rf6 {[%emt 0:00:58]} 51. Re2 {[%emt 0:00:17]} Rc3 {[%emt 0:01:14]} 52. Re4 {[%emt 0:00:15]} Rd3 {[%emt 0:00:49]} 53. Be3 {[%emt 0:00:59]} Rf1 {[%emt 0:03:37]} 54. Bf4 {[%emt 0:01:17]} Rg1+ {[%emt 0:01:09]} 55. Kh4 {[%emt 0:00:12]} g5+ {[%emt 0:00:57]} 56. Bxg5 {[%emt 0:00:08]} Rd4 {[%emt 0:00:06]} 57. Rxd4 {[%emt 0:00:14]} cxd4 {[%emt 0:00:03]} 58. Bf4 {[%emt 0:00:12]} Ke7 {[%emt 0:00:20]} 0-1

[Event "25th Bosnjaci Open 2020"]
[Site "Bosnjaci"]
[Date "2020.01.06"]
[Round "5.12"]
[White "Muskinja, Luka"]
[Black "Sipic, Hrvoje"]
[Result "1/2-1/2"]
[WhiteElo "1901"]
[BlackElo "2210"]
[Annotator "ChessBase"]
[PlyCount "36"]
[EventDate "2020.01.03"]
[EventType "swiss"]
[EventCountry "CRO"]
[SourceTitle "playchess.com"]
[Source "ChessBase"]
[SourceQuality "1"]
[TimeControl "5400+30"]

1. e4 {[%emt 0:00:30]} c5 {[%emt 0:00:30]} 2. Nf3 {[%emt 0:00:00]} d6 {[%emt 0:00:00]} 3. Bc4 {[%emt 0:00:00]} Nf6 {[%emt 0:00:00]} 4. Qe2 {[%emt 0:00:30]} Nc6 {[%emt 0:00:30]} 5. c3 {[%emt 0:00:00]} a6 {[%emt 0:00:30]} 6. Bb3 {[%emt 0:02:00]} e6 {[%emt 0:01:30]} 7. O-O {[%emt 0:01:30]} Be7 {[%emt 0:00:30]} 8. d4 {[%emt 0:03:30]} O-O {[%emt 0:05:30]} 9. Rd1 {[%emt 0:06:30]} cxd4 {[%emt 0:07:30]} 10. cxd4 {[%emt 0:00:30]} d5 {[%emt 0:00:30]} 11. e5 {[%emt 0:00:30]} Ne4 {[%emt 0:01:30]} 12. Bc2 {[%emt 0:00:30]} f5 {[%emt 0:02:30]} 13. exf6 {[%emt 0:00:30]} Nxf6 {[%emt 0:02:30]} 14. Nc3 {[%emt 0:04:30]} Bd6 {[%emt 0:08:30]} 15. Ne5 {[%emt 0:02:30]} Qe8 {[%emt 0:10:30]} 16. f4 {[%emt 0:24:30]} Qh5 {[%emt 0:03:30]} 17. Qxh5 {[%emt 0:00:30]} Nxh5 {[%emt 0:00:00]} 18. g3 {[%emt 0:00:30]} Nf6 {[%emt 0:08:00]} 1/2-1/2

[Event "25th Bosnjaci Open 2020"]
[Site "Bosnjaci"]
[Date "2020.01.08"]
[Round "5.14"]
[White "Borzan, Andrej"]
[Black "Jakovljevic, Vlado"]
[Result "0-1"]
[WhiteElo "1970"]
[BlackElo "2351"]
[Annotator "TA"]
[PlyCount "64"]
[EventDate "2020.01.03"]
[EventType "swiss"]
[EventCountry "CRO"]
[SourceTitle "playchess.com"]
[Source "ChessBase"]
[SourceQuality "1"]

{[%evp 17,84,-11,3,-8,24,-67,-29,-28,-16,-11,-10,-39,-19,-29,-32,-25,-24,-21,-32,-59,-45,-71,-23,-35,-39,-42,0,0,0,-10,0,0,12,0,0,2,9,0,0,-38,0,-21,-33,-93,-8,-93,-12,-329,-285,-1119,-414,-420,-387,-29990,-29989,-29989,-29990,-29990,-1564,-1564,0,-1501,-1311,-29991,-29992,-29995,-6270,-29993,-29994]} 1. d4 Nf6 2. c4 e6 3. Nc3 Bb4 4. Bd2 O-O 5. Nf3 b6 6. a3 Bxc3 7. Bxc3 Bb7 8. e3 Ne4 9. Qc2 f5 10. b4 $146 {E21: Nimzo-Indian: 4 Nf3} ({Predecessor:} 10. Rd1 d6 11. b4 Nxc3 12. Qxc3 Nd7 13. Be2 Nf6 14. O-O Ne4 15. Qc2 Ng5 16. Ne1 f4 17. d5 Qe7 18. h4 Nf7 19. dxe6 {½-½ (19) Bolado Saez,S (2354)-Gomez Ledo,R (2428) Pielagos 2011}) 10... d6 11. Qb2 ({White should play} 11. Bb2 $11) 11... Nd7 12. Be2 {Black has an edge.} Qe7 13. O-O Rf6 14. Rac1 Rg6 15. c5 Bd5 {[%cal Rb6c5]} 16. cxd6 cxd6 17. b5 Ng5 18. Nxg5 Qxg5 {[%csl Gd5,Gg6][%cal Rg5g2]} 19. g3 Qh6 {( -> ...Qxh2+!)} 20. f4 Nf6 21. Bf3 Bxf3 22. Rxf3 Ne4 23. Bb4 Qh5 24. Qg2 Rf6 25. Rc6 Rd8 26. Rf1 h6 27. Rc7 Rf7 28. Rfc1 Rdd7 29. Rxd7 Rxd7 30. Qa2 (30. Qf1 $15) 30... d5 (30... Qf3 $1 $17 {[%cal Rf3e3]} 31. Re1 (31. Qxe6+ Rf7 $17) 31... d5) 31. Qc2 (31. Qg2 $11 {remains equal.}) 31... Kh7 (31... Qf3 $17 32. Re1 Kf7) 32. Qc8 $2 {[%mdl 8192]} (32. Qg2 $11 {and White is okay.}) 32... Qf3 {Played: Qh5-e2} 0-1

[Event "25th Bosnjaci Open 2020"]
[Site "Bosnjaci"]
[Date "2020.01.06"]
[Round "6.1"]
[White "Klasan, Vladimir"]
[Black "Zaja, Ivan"]
[Result "0-1"]
[WhiteElo "2342"]
[BlackElo "2447"]
[Annotator "TA"]
[PlyCount "102"]
[EventDate "2020.01.03"]
[EventType "swiss"]
[EventCountry "CRO"]
[SourceTitle "playchess.com"]
[Source "ChessBase"]
[SourceQuality "1"]

{[%evp 9,102,24,72,68,85,69,126,122,117,128,111,124,153,146,152,140,185,126,136,125,122,126,120,120,142,136,145,142,173,134,123,115,137,137,141,131,128,119,136,134,134,129,129,129,129,129,146,133,139,129,149,147,132,131,162,139,189,184,497,259,607,388,375,178,275,160,162,120,145,133,148,114,326,287,364,190,471,110,154,41,43,0,0,0,0,0,0,-204,-213,-709,-486,-481,-478,-5783,-5272]} 1. e4 b6 2. d4 Bb7 3. Nc3 e6 4. Bd3 Nf6 5. Nge2 c5 6. d5 {B00: Queen's Fianchetto Defence, Nimzowitsch Defence} exd5 7. exd5 d6 (7... g6 $14) 8. O-O {White is better.} Be7 9. Ng3 O-O 10. Nf5 Re8 11. Qf3 Bf8 12. Bg5 g6 $146 ({Predecessor:} 12... Nbd7 13. Qg3 {0-1 (72) Barrenechea Bahamonde,G (2140)-Ider,B (2465) Elgoibar 2016}) 13. Bb5 ({White should play} 13. Nd4 $1 $18 cxd4 14. Bxf6) 13... Nbd7 $16 {intending ...Re5.} 14. Bxf6 Nxf6 15. Bxe8 Nxe8 16. Ne3 Bg7 17. a4 Qd7 18. Rfd1 Nc7 19. h3 Ba6 20. Ra2 Re8 21. Ne2 Bh6 22. Nf4 Qe7 23. g3 Bc8 24. h4 Bg7 25. c3 h5 26. Raa1 Qf6 27. Re1 Bh6 28. Neg2 Rd8 29. Qe2 Kf8 30. Qe3 {And now Nxg6+! would win.} Bg7 31. Qd2 Ba6 32. Re4 {Strongly threatening Ne6+!} Qf5 33. Rae1 Bf6 $2 {[#]} (33... Be5 {is a better chance.} 34. Nd3 Bxd3 35. Qxd3 Kg8) 34. f3 (34. Ne6+ $142 $1 {[%mdl 512]} fxe6 35. Rf4 Qxd5 36. Rxf6+ {[%mdl 64] Double Attack} Ke8 37. Qxd5 Nxd5 38. Rexe6+ Ne7 39. Rxg6) 34... Kg7 $2 (34... Be5 35. a5 Kg8 36. axb6 axb6) 35. Ne3 Qd7 36. b3 (36. g4 $142) 36... Bb7 (36... Rh8 {might work better.} 37. c4 Re8) 37. Neg2 (37. g4 $18) 37... b5 38. Kh2 a6 39. R1e2 a5 40. Kg1 c4 $2 (40... bxa4 $16 41. bxa4 (41. Rxa4 c4 $16) 41... Ba6) 41. bxc4 $18 bxa4 42. Qc2 (42. Ne3 $142) 42... Na6 $2 {[#]} (42... Bc8 43. Ne3 Rh8) 43. Nd3 $2 (43. Nxg6 $1 $18 {[%mdl 512] is the precise move to win.} fxg6 44. Nf4) 43... Rb8 44. Ne3 (44. g4 $16) 44... Bc8 $1 $14 45. c5 Nxc5 46. Nxc5 dxc5 47. Rxa4 Ba6 48. Re1 $2 {[#]} (48. Rd2 $1 $11 {and White has nothing to worry.}) 48... Bd3 $1 $19 {[%cal Rd3c2]} 49. Qd1 $2 (49. Qxd3 Qxa4 50. Rc1) 49... Bxc3 {Black is clearly winning.} 50. Qxd3 Bxe1 51. Nc4 (51. Re4 $142 Qh3 52. Qf1 Qxg3+ 53. Qg2) 51... Qxa4 {Accuracy: White = 51%, Black = 43%.} 0-1

[Event "25th Bosnjaci Open 2020"]
[Site "Bosnjaci"]
[Date "2020.01.06"]
[Round "6.2"]
[White "Fercec, Nenad"]
[Black "Muratovic, Efim"]
[Result "1-0"]
[WhiteElo "2423"]
[BlackElo "2394"]
[Annotator "TA"]
[PlyCount "45"]
[EventDate "2020.01.03"]
[EventType "swiss"]
[EventCountry "CRO"]
[SourceTitle "playchess.com"]
[Source "ChessBase"]
[SourceQuality "1"]

{[%evp 9,101,10,17,0,2,0,5,-45,-49,-43,-8,-12,0,-20,33,0,0,-22,-10,-30,-30,-25,0,-43,-34,-42,-52,-44,-6,0,104,104,107,104,97,89,139,103,104,93,96,97,100,92,120,118,110,127,136,36,37,22,29,25,46,35,33,41,35,14,66,69,226,225,219,218,212,186,306,295,296,295,293,293,285,267,29954,29956,29956,29958,29958,29958,29960,29961,29961,29962,29964,29965,29967,29968,29969,29970,29969,29968]} 1. e4 c5 2. Nf3 d6 3. d4 cxd4 4. Qxd4 Nc6 5. Qe3 Nf6 (5... g6 6. Be2 Nf6 7. O-O Bg7 8. Rd1 O-O 9. h3 Be6 10. Nc3 Rc8 11. Rb1 Qc7 12. a3 a6 {½-½ (21) Demchenko,A (2679)-Volokitin,A (2634) Germany 2019}) 6. c4 {B53: Sicilian: 2...d6: Lines with Qxd4} g6 7. Be2 Bg7 8. h3 {The position is equal.} Qa5+ 9. Bd2 Qc5 $146 ({Predecessor:} 9... Qb6 10. Qxb6 axb6 11. Bc3 O-O 12. Nbd2 Nh5 13. Bxg7 Kxg7 {½-½ (50) Destruels Moreno,V (2367)-Broniek,M (2314) ICCF email 2015}) 10. Nc3 Be6 11. O-O Nd7 (11... Qxe3 $11 12. Bxe3 O-O) 12. Nd5 {Nc7+ is the strong threat.} Qxe3 13. Bxe3 Rc8 14. Rab1 Nc5 15. Nd2 f5 16. b4 Nxe4 17. Nxe4 fxe4 18. Rfd1 Kf7 19. Nf4 $1 $36 {[%mdl 2048] White fights for an advantage.} Ne5 (19... h5 $11) 20. Nxe6 $16 Kxe6 21. Rd4 h5 22. Rxe4 b6 23. Rd1 {Played: f2-f4} 1-0

[Event "25th Bosnjaci Open 2020"]
[Site "Bosnjaci"]
[Date "2020.01.06"]
[Round "6.3"]
[White "Runic, Zoran"]
[Black "Rogulj, Branko"]
[Result "1-0"]
[WhiteElo "2326"]
[BlackElo "2386"]
[Annotator "TA"]
[PlyCount "101"]
[EventDate "2020.01.03"]
[EventType "swiss"]
[EventCountry "CRO"]
[SourceTitle "playchess.com"]
[Source "ChessBase"]
[SourceQuality "1"]

{[%evp 12,101,14,6,12,-22,55,9,9,-23,8,-23,-7,-25,-19,-52,-40,-41,-35,-124,-118,-117,-114,-98,-106,-114,-115,-102,-101,-103,-55,-54,-61,-59,-16,-66,-2,-13,0,-28,0,0,0,0,0,0,231,220,522,517,507,466,488,489,488,481,722,697,879,868,815,522,520,520,518,511,511,511,511,511,511,421,588,583,583,583,583,583,572,495,2573,2423,4299,3778,2808,1932,5073,4789,4736,3880,29983,29984]} 1. e4 Nc6 2. Nc3 e5 3. Bc4 Nf6 4. d3 Bc5 5. f4 exf4 6. Bxf4 d6 7. Nf3 O-O {C28: Vienna Game: 2...Nf6 3 Bc4 Nc6} 8. Bg5 Be6 ({Black should try} 8... h6 $11 9. Bh4 Bg4) 9. Bb3 h6 {The position is equal.} 10. Bh4 Re8 $146 ({Predecessor:} 10... Nd4 11. Rf1 Nxf3+ 12. Qxf3 Bd4 13. Ne2 Bxb2 14. Rb1 Ba3 15. Nf4 {1-0 (69) Kasparov,G (2812)-Caruana,F (2795) Saint Louis 2016}) 11. Qd2 (11. Bxe6 {is more complex.} Rxe6 12. Qd2 Ne5 13. Nxe5 dxe5 14. Nd5) 11... Bxb3 12. axb3 d5 {[%cal Rd5e4]} 13. Bxf6 Qxf6 14. Nxd5 Qxb2 15. Ke2 (15. Qc1 $1 $15 Qxc1+ 16. Rxc1) 15... Rad8 $17 16. Rhb1 Nd4+ {[%mdl 64] Double Attack} 17. Kd1 Nxf3 18. gxf3 {[#]} Qe5 $1 19. c3 c6 20. Nf4 f5 {[%cal Rf5e4]} 21. Kc2 $1 fxe4 22. fxe4 b5 23. Rf1 Bb6 (23... b4 $1 $15 24. cxb4 Bd4) 24. b4 $11 Qd6 {With the idea ...Rxe4!} 25. Nh5 Rd7 26. d4 Qe6 ({Don't blunder} 26... Rxe4 $2 27. Nf6+ gxf6 28. Qg2+ Rg7 29. Qxe4 $18) 27. Kb2 $1 Red8 {[%cal Rd7d4] Strongly threatening ...Rxd4!} ({Avoid the trap} 27... Qxe4 $2 28. Rae1 $18) 28. Qg2 $36 {[%mdl 2048] Black must now prevent Nf6+. White has the initiative.} Kh8 $2 (28... Rf7 $11 {and Black has nothing to worry.}) 29. Nf4 $18 Qe8 $2 (29... Qg8 {is tougher.}) 30. Ng6+ Kh7 31. Nf8+ {[%mdl 64] [#] Double Attack} Kg8 32. Nxd7 Rxd7 33. e5 Rd5 (33... Bxd4 $142 34. cxd4 Rxd4) 34. Rf6 Rxd4 35. Raf1 Rd5 36. Rf8+ Qxf8 37. Rxf8+ Kxf8 {[%mdl 4096] Endgame KQ-KRB} 38. e6 Ke7 39. Qxg7+ Kxe6 40. Qxh6+ Kd7 41. h4 Bd8 42. Qg7+ Ke6 43. h5 Bf6 44. Qg8+ Ke7 45. h6 a5 (45... Rh5 $142 46. Qh7+ Ke6 47. Qe4+ Kf7 48. Qxc6 Kg6) 46. bxa5 {[%cal Bb4a5,Ba5a6,Ba6a7][%mdl 32]} b4 47. a6 bxc3+ 48. Kb3 Rb5+ 49. Kc2 Rb2+ 50. Kc1 Rh2 51. a7 {Accuracy: White = 64%, Black = 44%.} 1-0

[Event "25th Bosnjaci Open 2020"]
[Site "Bosnjaci"]
[Date "2020.01.06"]
[Round "6.4"]
[White "Andrijevic, Milan"]
[Black "Rosic, Slavko S"]
[Result "0-1"]
[WhiteElo "2223"]
[BlackElo "2295"]
[Annotator "ChessBase"]
[PlyCount "118"]
[EventDate "2020.01.03"]
[EventType "swiss"]
[EventCountry "CRO"]
[SourceTitle "playchess.com"]
[Source "ChessBase"]
[SourceQuality "1"]
[TimeControl "5400+30"]

1. e4 {[%emt 0:00:30]} c5 {[%emt 0:00:30]} 2. Nf3 {[%emt 0:00:30]} d6 {[%emt 0:00:00]} 3. d4 {[%emt 0:00:30]} cxd4 {[%emt 0:00:00]} 4. Nxd4 {[%emt 0:00:00]} Nf6 {[%emt 0:00:30]} 5. Nc3 {[%emt 0:00:00]} a6 {[%emt 0:00:00]} 6. Be2 {[%emt 0:00:30]} e6 {[%emt 0:00:00]} 7. O-O {[%emt 0:00:30]} Qc7 {[%emt 0:00:30]} 8. f4 {[%emt 0:00:30]} b6 {[%emt 0:00:30]} 9. Bf3 {[%emt 0:02:30]} Bb7 {[%emt 0:00:30]} 10. e5 {[%emt 0:01:30]} dxe5 {[%emt 0:04:30]} 11. fxe5 {[%emt 0:00:30]} Nfd7 {[%emt 0:00:30]} 12. Bxb7 {[%emt 0:01:30]} Qxb7 {[%emt 0:00:30]} 13. Qh5 {[%emt 0:01:30]} g6 {[%emt 0:00:30]} 14. Qh4 {[%emt 0:01:30]} Bc5 {[%emt 0:00:30]} 15. Be3 {[%emt 0:02:30]} Nc6 {[%emt 0:00:30]} 16. Kh1 {[%emt 0:11:30]} Ncxe5 {[%emt 0:08:30]} 17. Ne4 {[%emt 0:10:30]} Be7 {[%emt 0:09:30]} 18. Bg5 {[%emt 0:03:30]} Bxg5 {[%emt 0:04:30]} 19. Nxg5 {[%emt 0:00:30]} O-O-O {[%emt 0:00:30]} 20. Nxf7 {[%emt 0:00:30]} Nxf7 {[%emt 0:00:00]} 21. Rxf7 {[%emt 0:00:30]} Qd5 {[%emt 0:01:00]} 22. Nf3 {[%emt 0:18:30]} Rdf8 {[%emt 0:02:30]} 23. Rf4 {[%emt 0:05:30]} Rxf4 {[%emt 0:05:30]} 24. Qxf4 {[%emt 0:00:30]} Rf8 {[%emt 0:00:30]} 25. Qe3 {[%emt 0:00:30]} e5 {[%emt 0:05:30]} 26. c4 {[%emt 0:03:30]} Qc5 {[%emt 0:00:30]} 27. Qe4 {[%emt 0:02:30]} Kc7 {[%emt 0:03:30]} 28. Re1 {[%emt 0:02:30]} Qc6 {[%emt 0:09:30]} 29. Qh4 {[%emt 0:02:30]} h5 {[%emt 0:11:30]} 30. b3 {[%emt 0:01:30]} Rf4 {[%emt 0:03:30]} 31. Qg5 {[%emt 0:00:30]} Qd6 {[%emt 0:03:30]} 32. Qg3 {[%emt 0:06:42]} Qd3 {[%emt 0:01:30]} 33. Kg1 {[%emt 0:03:02]} Re4 {[%emt 0:11:00]} 34. Rxe4 {[%emt 0:02:10]} Qxe4 {[%emt 0:00:03]} 35. h4 {[%emt 0:06:18]} a5 {[%emt 0:00:55]} 36. Qe1 {[%emt 0:02:04]} Qd3 {[%emt 0:00:55]} 37. Qd2 {[%emt 0:00:40]} Qb1+ {[%emt 0:00:35]} 38. Kh2 {[%emt 0:00:28]} Qe4 {[%emt 0:00:32]} 39. Qg5 {[%emt 0:02:27]} Kd6 {[%emt 0:00:32]} 40. Qd2+ {[%emt 0:00:32]} Kc6 {[%emt 0:00:17]} 41. Kg1 {[%emt 0:02:12]} a4 {[%emt 0:03:19]} 42. Ng5 {[%emt 0:01:33]} Qb1+ {[%emt 0:03:34]} 43. Kh2 {[%emt 0:01:03]} Nf6 {[%emt 0:00:03]} 44. b4 {[%emt 0:01:02]} Qf5 {[%emt 0:02:11]} 45. c5 {[%emt 0:01:39]} bxc5 {[%emt 0:03:08]} 46. bxc5 {[%emt 0:00:06]} Nd5 {[%emt 0:01:18]} 47. Qa5 {[%emt 0:00:55]} Qf4+ {[%emt 0:00:27]} 48. g3 {[%emt 0:00:52]} Qf2+ {[%emt 0:00:49]} 49. Kh3 {[%emt 0:00:14]} Qf1+ {[%emt 0:00:50]} 50. Kh2 {[%emt 0:00:05]} Qc4 {[%emt 0:01:42]} 51. Qa8+ {[%emt 0:00:36]} Kxc5 {[%emt 0:00:01]} 52. Qa7+ {[%emt 0:00:58]} Kb4 {[%emt 0:00:17]} 53. Qb8+ {[%emt 0:00:14]} Ka3 {[%emt 0:00:25]} 54. Qxe5 {[%emt 0:00:31]} Kxa2 {[%emt 0:00:18]} 55. Ne4 {[%emt 0:00:58]} a3 {[%emt 0:01:30]} 56. Nd2 {[%emt 0:00:28]} Qd3 {[%emt 0:00:26]} 57. Ne4 {[%emt 0:00:33]} Qc2+ {[%emt 0:01:24]} 58. Kh3 {[%emt 0:00:28]} Qd1 {[%emt 0:00:07]} 59. Nc3+ {[%emt 0:00:17]} Nxc3 {[%emt 0:00:08]} 0-1